Internationalization of higher education / (Record no. 81960)

MARC details
000 -LEADER
fixed length control field 00692nam a22002177a 4500
005 - DATE AND TIME OF LATEST TRANSACTION
control field 20140206163642.0
010 ## - LCCN (DPL NO)
LC control number ENG-109120
020 ## - INTERNATIONAL STANDARD BOOK NUMBER
International Standard Book Number 9788174469809
Terms of availability 595.00
035 ## - SYSTEM CONTROL NUMBER
System control number EN-92653
037 ## - SOURCE OF ACQUISITION
Source of stock number/acquisition DBAD/PUB
082 ## - DEWEY DECIMAL CLASSIFICATION NUMBER
Classification number 379.54
245 ## - TITLE STATEMENT
Title Internationalization of higher education /
Statement of responsibility, etc edited by Rajani Gupte , Bhama Venkataramani [and] Deepa Gupta
260 ## - PUBLICATION, DISTRIBUTION, ETC. (IMPRINT)
Place of publication, distribution, etc New Delhi
Name of publisher, distributor, etc Excel Books
Date of publication, distribution, etc 2011
270 ## - ADDRESS
Address A- 45, Naraina, Phase 1
City New Delhi
Postal code 110028
300 ## - PHYSICAL DESCRIPTION
Extent xvi,328p.
Dimensions 24cm(pbk)
500 ## - GENERAL NOTE
General note Includes bibliographical references
700 ## - ADDED ENTRY--PERSONAL NAME
Personal name Gupte, Rajani
700 ## - ADDED ENTRY--PERSONAL NAME
Personal name Venkataramani, Bhama
700 ## - ADDED ENTRY--PERSONAL NAME
Personal name Gupta, Deepa
942 ## - ADDED ENTRY ELEMENTS (KOHA)
Source of classification or shelving scheme Dewey Decimal Classification
Item type English Books
Call number suffix INT
Classification part 379.54
Holdings
Withdrawn status Lost status Not for loan Collection code Home library Current library Date acquired Source of acquisition Cost, normal purchase price Full call number Barcode Copy number Cost, replacement price Koha item type
    Not For Loan Non-fiction D.B.Act.Division D.B.Act.Division 17/01/2014 DBAD/PUB 595.00 379.54 INT EN-92653 1 595.00 English Books

© Delhi Public Library
Hit Counter
free hit counter